Sobre la paz perpetua.

Bewaard in:
Bibliografische gegevens
Hoofdauteur: Kant, Immanuel, 1724-1804 (autor)
Andere auteurs: Truyol y Serra, Antonio (presentación), Abellan, Joaquín (traducción)
Formaat: Boek
Taal:Engels
Gepubliceerd in: Madrid, España: Tecnos, 1994.
Editie:4ª edición.
Reeks:Clásicos del Pensamiento.
Onderwerpen:
Tags: Voeg label toe
Geen labels, Wees de eerste die dit record labelt!

MARC

LEADER 00000nam a22000007a 4500
003 CL-VaPUC
005 20241127084745.0
008 220606b1994 ||||| |||| 00| 0 eng d
999 |c 435806  |d 435804 
020 |a 84-309-1176-6 
040 |c Pontificia Universidad Católica de Valparaíso 
082 7 |a 303.66 KAN 1994  |2 22 
100 |a Kant, Immanuel,  |d 1724-1804  |e autor  |9 858687 
245 |a Sobre la paz perpetua.  
250 |a 4ª edición. 
260 |a Madrid, España:  |b Tecnos,   |c 1994. 
300 |a 69 páginas  
490 |a Clásicos del Pensamiento.  
500 |a c.1. Donación Familia Prof. Alejandro Guzmán Brito. 
583 |c 20220606  |k Cristina María Rojas Aguilar 
650 |a Ciencia política   |x Filosofía   |9 869342 
650 |a Paz  |9 259242 
700 |a Truyol y Serra, Antonio  |e presentación   |9 870254 
700 |a Abellan, Joaquín   |e traducción   |9 870255 
942 |2 ddc  |c BK  |n 0 
952 |0 0  |1 0  |2 ddc  |4 0  |6 303_660000000000000_KAN_1994  |7 0  |8 C_AGB  |9 583424  |a BIBDER  |b BIBDER  |d 2022-06-06  |e Donación   |i 5651555  |o 303.66 KAN 1994  |p 5651555  |r 2023-01-25  |t 1  |w 2022-06-06  |y BK_US  |k AGB